General systems theory : Problems. Perspektives. Practice

Saved in:
Bibliographic Details
Main Author: Skyttner, Lars (Author)
Format: Book
Language:English
Published: New Jersey : World Scientific, 2005
Edition:2.ed.
Subjects:
Tags: Add Tag
No Tags, Be the first to tag this record!

MARC

LEADER 00000nam a22000003a 4500
001 stu154049
005 20150617225946.1
008 071213s2005----xxu-----------------eng-d
020 |a 981-256-467-5 
040 |a STU  |b slo 
041 0 |a eng 
044 |a xxu 
080 |a 681.51 
080 |a 519.71  |7 stu_us_auth*stu8254 
080 |a 004  |7 stu_us_auth*stu9200 
100 1 |a Skyttner, Lars  |4 aut 
245 1 |a General systems theory :  |b Problems. Perspektives. Practice 
250 |a 2.ed. 
260 |a New Jersey :  |b World Scientific,  |c 2005 
300 |a 524 s 
650 7 |a teória systémov  |2 stusub 
650 7 |a kybernetika  |2 stusub 
650 7 |a umelá inteligencia  |2 stusub 
650 7 |a teória riadiacich systémov  |2 stusub 
650 7 |a informatika  |2 stusub 
996 |b 284EK87106  |c E*87106  |l EE30  |s P  |a 0  |w stu154049_0001